Gavin & Stacey Character Quiz - Statistics

General Stats
  • This quiz has been taken 917 times
  • The average score is 20 of 48
Answer Stats
Quote/Hint Answer % Correct
"I'll do my makeup in the car" Cathrina Smith
99%
"Chicken Bhuna, Lamb Bhuna, Prawn Bhuna, Mushroom Rice, Bag of Chips and Nine Poppadoms" Neil "Smithy" Smith
99%
"It is actually... Pavaroti" Ruth "Rudi" Smith
99%
"Alright, alright, so I'd have to shag Pauline Fowler wouldn't I? Can we stop now?" Gavin Shipman
98%
"I'll have a Pint. Of Wine." Vanessa Shanessa "Nessa" Jenkins
96%
“I’ve just been updating the MySpace, I’ve got 17 friends now, I’m snowed under!” Bryn West
95%
“Like yesterday, I had three just watching Cash In The Attic.” Stacey West
95%
"Well, its the last thing you expect to find when you come into work in the morning" Michael Shipman
94%
"Well, not drunk drunk... but I have had some wines" Pamela Shipman
93%
"What the hell is Jean doing here?!" Gwen West
91%
"What happened out there was perfectly legal in this Country" Jason West
82%
"Oh, don't talk to me about that dwarf" Dawn Sutcliffe
81%
"Well no not nothing, a kiss, a cuddle, a cheeky finger, just don’t go selling the whole farm." Doris O'Neil
81%
"Like, can I have tea in the bottom half of the mug and coffee in the top half? I call it a Toffee, or a Key" Deano
75%
"There's alot you don't know about me..." Pete Sutcliffe
72%
"Fags and Weed, Glue and Speed, but I draws the line at Crack" Dave Coaches
71%
Unwanted guest at said Barn Dance Jean
47%
"Did someone order a chinese?" Chinese Alan
44%
One of the Boys Fingers
40%
Before you ask, no he doesn't Owain Hughes
39%
"She's 17 and three quarters, actually" Lucy
35%
One of the Boys Dirtbox
34%
One of the Boys Budgie
32%
Potential threesome partner Seth
30%
Monolinguistic Barry Resident Dick Powell
27%
"What is your favourite sandwich?" Father Chris
26%
One of the Boys Gary
24%
One of the Boys Simon
24%
"You always call her [that]" "Yeah, but not to her face" Big Fat Sue
23%
One of the Boys Jesus
23%
"When it comes to football, you're English, right? You're English, don't end up like Ryan Giggs" Neil The Baby
23%
"One word. Two words. One more word. Nutter? Lights!" Jammy
21%
Eldery mother who stayed the night behind the bar Edna Sutcliffe
18%
Snooty guest during 2019 Christmas Special Sonia
15%
"I know it must be difficult to show your face around Barry" Neil Jenkins
14%
"My Balls Work!" Harri Shipman
11%
Spanish boyfriend José
10%
"My Balls Work!" Megan Shipman
9%
Nosey Resident of Barry Glenda
8%
One of the Boys Swede
8%
Unseen Billaricky resident Japanese Margaret
7%
"She's been divorced three times" No Man Jan
7%
"My Balls Work!" Caitlin Shipman
6%
"She can't come because she's having her staples out" Fat No More Pat
6%
"How's your Father... How's your Brother" Natalie Lewis
4%
Elderly Neighbour's younger boyfriend Scott
4%
Hands over the keys to the Hall where the Surprise Barn Dance occurs Griff
3%
One of the Boys Luggy
2%
No matching quizzes found
Score Distribution
Percent of People with Each Score
Percentile by Number Answered
Your Score History
You have not taken this quiz